• 首页
  • 本馆介绍
  • 公告通知
  • 最新文献
  • 馆藏检索
  • 电子资源
  • 读者导购
  • 参考咨询
  • 我的图书馆
  • 登录
  • 详细信息显示
  • 放入我的书架
  • 预约/预借图书
  • 作者相关作品
  • 分类相关作品
  • 丛书相关作品
  • 出版社相关作品

书目信息

  • 表格格式
  • 工作单格式
  • 卡片格式
题名:
中国哲学与易学
    
 
作者: 王博 主编
分册:  
出版信息: 北京   北京大学出版社  2004
页数: 497页
开本: 23cm
丛书名:
单 册:
中图分类: B2-53
科图分类:
主题词: 哲学--中国--文集 , 哲学
电子资源:
ISBN: 7-301-07140-X
000 00972nam0 2200289 450
001 012007822570
005 20070517083332.06
010    @a7-301-07140-X@dCNY65.00
100    @a20070514d2004 km y0chiy0120 ea
101 0  @achi
102    @aCN@b110000
105    @ay z 000yy
106    @ar
200 1  @a中国哲学与易学@Azhong guo zhe xue yu yi xue@e朱伯崑先生八十寿庆纪念文集@f王博主编@Fwang bo zhu bian
210    @a北京@c北京大学出版社@d2004
215    @a497页@d23cm
307    @a2006年8月第2次印刷
330    @a本文集收入了40余篇哲学与易学论文,包括《论陆九渊的人学伦理学》、《老子道家的管理思想及其现代价值》、《船山孟子说的功夫论》等。
517 1  @a朱伯崑先生八十寿庆纪念文集@Azhu bo kun xian sheng ba shi shou qing ji nian wen ji
605    @a周易@j文集
605    @a周易
606 0  @a哲学@y中国@j文集
606 0  @a哲学
690    @aB2-53@v4
701  0 @a王博@Awang bo@f(1967~)@4主编
801  0 @aCN@bRULIN@c20070517
905    @dB2-53@e121@s8
    
    中国哲学与易学:朱伯崑先生八十寿庆纪念文集/王博主编.-北京:北京大学出版社,2004
    497页;23cm
    
    
    ISBN 7-301-07140-X:CNY65.00
    本文集收入了40余篇哲学与易学论文,包括《论陆九渊的人学伦理学》、《老子道家的管理思想及其现代价值》、《船山孟子说的功夫论》等。
●
相关链接 在E读中查询图书 在五车中查询图书 在当当中查询图书 在豆瓣中查询图书


正题名:中国哲学与易学     索取号:B2-53/121         预约/预借

序号 登录号 条形码 馆藏地/架位号 状态 备注
1 0577949   205779497   第一样本阅览室/ [索取号:B2-53/121] 在馆    
2 0577950   205779503   教育系资料室/ [索取号:B2-53/121] 在馆    
3 0577951   205779512   教育系资料室/ [索取号:B2-53/121] 在馆    
4 0577952   205779521   第一借阅区/ [索取号:B2-53/121] 在馆    
5 0577953   205779530   第一借阅区/ [索取号:B2-53/121] 在馆    
6 0577954   205779549   教育系资料室/ [索取号:B2-53/121] 在馆    
7 0577955   205779558   教育系资料室/ [索取号:B2-53/121] 在馆    
8 0577956   205779567   第一借阅区/ [索取号:B2-53/121] 在馆    
唐山师范学院图书馆 欢迎您!
大连网信软件有限公司© 版权所有